| Tag |
First Indicator |
Second Indicator |
Subfields |
| LEADER |
00000cgm a2200000Mi 4500 |
| 001 |
in00005510285 |
| 006 |
m o c |
| 007 |
vz |za||| |
| 007 |
cr |za|||||||| |
| 008 |
160712r20162015enk004 f o vleng d |
| 005 |
20241105202615.5 |
| 035 |
|
|
|a (OCoLC)on1001646204
|
| 040 |
|
|
|a SGPBL
|b eng
|e rda
|e pn
|c SGPBL
|d OCLCO
|d OCLCF
|d U3W
|d NRC
|d OCLCQ
|d OCLCO
|d OCLCA
|d OCLCO
|d OCLCL
|
| 020 |
|
|
|a 9781473982468
|q (streaming video)
|
| 020 |
|
|
|a 1473982464
|
| 035 |
|
|
|a (OCoLC)1001646204
|
| 041 |
0 |
|
|j eng
|
| 050 |
|
4 |
|a HD58.8
|
| 082 |
0 |
4 |
|a 658.4063
|2 23
|
| 049 |
|
|
|a TXAM
|
| 245 |
0 |
0 |
|a Introducing innovation and change to an organisation.
|
| 264 |
|
1 |
|a London, United Kingdom :
|b SAGE Publications Ltd,
|c [2016]
|
| 300 |
|
|
|a 1 online resource (1 video file (4 min., 14 sec.)) :
|b sound, colour
|
| 336 |
|
|
|a two-dimensional moving image
|b tdi
|2 rdacontent
|
| 337 |
|
|
|a computer
|b c
|2 rdamedia
|
| 338 |
|
|
|a online resource
|b cr
|2 rdacarrier
|
| 490 |
1 |
|
|a Management & organizations ;
|v 8
|
| 500 |
|
|
|a Previously issued: 2015.
|
| 511 |
0 |
|
|a Presenters, Stewart Clegg, Tyrone Pitsis.
|
| 520 |
8 |
|
|a Professors Stewart Clegg and Tyrone Pitsis discuss workplace innovation. They outline the importance of creating an environment that fosters innovation rather than setting an innovation deadline.
|
| 521 |
|
|
|a Specialized.
|
| 546 |
|
|
|a Closed-captions in English.
|
| 588 |
0 |
|
|a Online resource; title from home page (viewed on July 14, 2016).
|
| 650 |
|
0 |
|a Creative ability in business.
|
| 650 |
|
0 |
|a Organizational change.
|
| 650 |
|
2 |
|a Organizational Innovation
|
| 650 |
|
6 |
|a Créativité dans les affaires.
|
| 650 |
|
6 |
|a Changement organisationnel.
|
| 650 |
|
7 |
|a Creative ability in business.
|2 fast
|0 (OCoLC)fst00882438
|
| 650 |
|
7 |
|a Organizational change.
|2 fast
|0 (OCoLC)fst01047828
|
| 655 |
|
2 |
|a Webcast
|
| 655 |
|
7 |
|a Internet videos.
|2 fast
|0 (OCoLC)fst01750214
|
| 655 |
|
7 |
|a Nonfiction television programs.
|2 fast
|0 (OCoLC)fst01710270
|
| 655 |
|
7 |
|a Nonfiction television programs.
|2 lcgft
|
| 655 |
|
7 |
|a Internet videos.
|2 lcgft
|
| 655 |
|
7 |
|a Émissions télévisées autres que de fiction.
|2 rvmgf
|
| 655 |
|
7 |
|a Vidéos sur Internet.
|2 rvmgf
|
| 700 |
1 |
|
|a Clegg, Stewart,
|e on-screen presenter.
|
| 700 |
1 |
|
|a Pitsis, Tyrone,
|d 1968-
|e on-screen presenter.
|1 https://id.oclc.org/worldcat/entity/E39PBJy4hK6yrXFMDCM97m8t8C
|
| 758 |
|
|
|i has work:
|a Introducing innovation and change to an organisation (MovingImage)
|1 https://id.oclc.org/worldcat/entity/E39PCGXTHcBwP4KDGYdFtjJrC3
|4 https://id.oclc.org/worldcat/ontology/hasWork
|
| 830 |
|
0 |
|a Management & organizations ;
|v 8.
|
| 856 |
4 |
0 |
|u http://proxy.library.tamu.edu/login?url=https://sk.sagepub.com/video/innovation-and-decision-making
|z Connect to this streaming video
|t 0
|
| 955 |
|
|
|a SAGE Knowledge Video Business and Management 2019
|
| 955 |
|
|
|a SAGE Video Business and Management
|
| 994 |
|
|
|a 92
|b TXA
|
| 999 |
f |
f |
|s 384b375c-5ac7-464f-8037-f2bc9e546879
|i 20657234-2a4f-49c1-8712-24a4514572f6
|t 0
|
| 952 |
f |
f |
|a Texas A&M University
|b College Station
|c Electronic Resources
|d Available Online
|t 0
|e HD58.8
|h Library of Congress classification
|
| 998 |
f |
f |
|a HD58.8
|t 0
|l Available Online
|